Standard Test Method for Melting And Crystallization Temperatures By Thermal Analysis. ASTM E794-06

Salvato in:
Dettagli Bibliografici
Natura: Libro
Lingua:inglese
Pubblicazione: West Conshohocken : ASTM, [2006]
Tags: Aggiungi Tag
Nessun Tag, puoi essere il primo ad aggiungerne!!

MARC

LEADER 00000nam a22000003a 4500
001 stu256803
005 20141123130216.5
008 121106s2006----xxu-----------------eng-d
040 |a STU  |b slo 
041 0 |a eng 
044 |a xxu 
080 |a 620 
245 |a Standard Test Method for Melting And Crystallization Temperatures By Thermal Analysis. ASTM E794-06 
260 |a West Conshohocken :  |b ASTM,  |c [2006] 
300 |a 4 s 
996 |b 284M084097  |c M*N-1542-1  |l MMKN  |s A  |a 24  |w stu256803_0001